Central Library OPAC University of Rajshahi

Organic reactions and orbital symmetry / (Record no. 10276)

MARC details
000 -LEADER
fixed length control field 01345cam a2200361 i 4500
001 - CONTROL NUMBER
control field 10276
003 - CONTROL NUMBER IDENTIFIER
rucl marc code BD-RjUL
005 - DATE AND TIME OF LATEST TRANSACTION
control field 20211208234927.0
008 - FIXED-LENGTH DATA ELEMENTS--GENERAL INFORMATION
fixed length control field 140123s1979 enka b 001 0 eng
020 ## - INTERNATIONAL STANDARD BOOK NUMBER
International Standard Book Number 0521220149
International Standard Book Number 0521293367 (pbk.)
035 ## - SYSTEM CONTROL NUMBER
System control number (BD-RjUL)10324
040 ## - CATALOGING SOURCE
Original cataloging agency DLC
Transcribing agency DLC
Modifying agency DLC
-- BD-RjUL
Language of cataloging eng
041 ## - LANGUAGE CODE
Language code of text/sound track or separate title eng
082 00 - DEWEY DECIMAL CLASSIFICATION NUMBER
Classification number 547.139
Edition number 19
Author mark and year GIO 1979
100 1# - MAIN ENTRY--PERSONAL NAME
Personal name Gilchrist, T. L.
Fuller form of name (Thomas Lonsdale)
9 (RLIN) 31745
245 10 - TITLE STATEMENT
Title Organic reactions and orbital symmetry /
Statement of responsibility, etc. T. L. Gilchrist and R. C. Storr.
250 ## - EDITION STATEMENT
Edition statement 2d ed.
260 ## - PUBLICATION, DISTRIBUTION, ETC. (IMPRINT)
Place of publication, distribution, etc. Cambridge [Eng.] :
-- New York :
Name of publisher, distributor, etc. Cambridge University Press,
Date of publication, distribution, etc. c1979.
300 ## - PHYSICAL DESCRIPTION
Pagination vii, 311 p. :
Illustrations ill. ;
Size 24 cm.
504 ## - BIBLIOGRAPHY, ETC. NOTE
Bibliography, etc Includes bibliographical references and index.
650 #0 - SUBJECT ADDED ENTRY--TOPICAL TERM
Topical term or geographic name as entry element Physical organic chemistry.
9 (RLIN) 635
Topical term or geographic name as entry element Chemical reaction, Conditions and laws of.
9 (RLIN) 30099
Topical term or geographic name as entry element Molecular orbitals.
9 (RLIN) 28628
Topical term or geographic name as entry element Symmetry (Physics)
9 (RLIN) 22702
700 1# - ADDED ENTRY--PERSONAL NAME
Personal name Storr, R. C.,
Relator term joint author.
856 41 - ELECTRONIC LOCATION AND ACCESS
Materials specified Table of contents only
Uniform Resource Identifier <a href="http://www.loc.gov/catdir/enhancements/fy1009/78054578-t.html">http://www.loc.gov/catdir/enhancements/fy1009/78054578-t.html</a>
Materials specified Publisher description
Uniform Resource Identifier <a href="http://www.loc.gov/catdir/enhancements/fy1009/78054578-d.html">http://www.loc.gov/catdir/enhancements/fy1009/78054578-d.html</a>
942 ## - ADDED ENTRY ELEMENTS (KOHA)
Source of classification or shelving scheme Dewey Decimal Classification
Koha item type Books
Holdings
Lost status Source of classification or shelving scheme Damaged status Not for loan Permanent Location Current Location Shelving location Date acquired Source of acquisition Cost, normal purchase price Total Checkouts Full call number Date last seen Copy number Koha item type
  Dewey Decimal Classification   Not For Loan Central Library, University of Rajshahi Central Library, University of Rajshahi Reading Room 01/08/1988 Meamin Bro 42.50   547.139 GIO 1979 23/01/2014 C-1 Books